000 00317nam a2200145Ia 4500
003 OSt
005 20240311100332.0
008 170524s9999 xx 000 0 und d
020 _a 9789352718580
040 _ciimtu
100 _aMAHESHWARI
245 0 _aCORPORATE ACCOUNTING
260 _bHIMALAYA
942 _2ddc
_c02
999 _c7932
_d7932